Footprint focus : Paraguay.
| Main Author: | |
|---|---|
| Format: | Book |
| Published: |
Bath, UK:
Footprint,
2011.
|
| Subjects: |
| LEADER | 00446cam a2200157 7i4500 | ||
|---|---|---|---|
| 001 | 0000029150 | ||
| 005 | 20130904090000.0 | ||
| 020 | 0 | 0 | |a 9781908206275 |
| 090 | 0 | 0 | |a PARG 916.8 |b BOX |
| 100 | 1 | 0 | |a Box |
| 245 | 1 | 0 | |a Footprint focus : |b Paraguay. |
| 260 | 0 | 0 | |a Bath, UK: |b Footprint, |c 2011. |
| 300 | # | # | |a 79 p. |
| 650 | 0 | 0 | |a Paraguay -- |x Description and travel -- |x Guidebooks |
| 651 | 0 | 0 | |a Parguay |
| 999 | |a B000032587 |b Book |c Countries |e Business Information Centre | ||


